MCSE TestPrep : (Record no. 62173)

MARC details
000 -LEADER
fixed length control field 00565nam a22001577a 4500
005 - DATE AND TIME OF LATEST TRANSACTION
control field 2012020704044.0
020 ## - INTERNATIONAL STANDARD BOOK NUMBER
International Standard Book Number 8120314549
Terms of availability 175.00
035 ## - SYSTEM CONTROL NUMBER
System control number A-950949
037 ## - SOURCE OF ACQUISITION
Stock number DPL
Source of stock number/acquisition ENG
100 ## - MAIN ENTRY--PERSONAL NAME
Personal name Martin, Glen
245 ## - TITLE STATEMENT
Title MCSE TestPrep :
Remainder of title Exchange server 5.5 /
Statement of responsibility, etc by Glen Martin et al.
260 ## - PUBLICATION, DISTRIBUTION, ETC. (IMPRINT)
Place of publication, distribution, etc New Delhi
Name of publisher, distributor, etc Prentice-Hall of India
Date of publication, distribution, etc 1998
300 ## - PHYSICAL DESCRIPTION
Extent xiii, 354p.
Dimensions 22 cms.
942 ## - ADDED ENTRY ELEMENTS (KOHA)
Source of classification or shelving scheme Dewey Decimal Classification
Item type English Books
Classification part 005.369
Call number suffix MAR
Holdings
Withdrawn status Lost status Not for loan Collection code Home library Current library Date acquired Cost, normal purchase price Full call number Barcode Cost, replacement price Koha item type
      Non-fiction Sarojini Nagar Sarojini Nagar 07/02/2012 175.00 005.369 MAR A-950949 175.00 English Books

© Delhi Public Library
Hit Counter
free hit counter